000 00510nam a2200193Ia 4500
005 20240605003016.0
008 240331s9999 xx 000 0 und d
020 _a0803979975
082 _a364
_bCOL
100 _aColloer,R
245 0 _aMasculinities crime and criminaology :
_bmen,hesterosexuality and the criminal other
250 _a1 st
260 _aLondon
_bSAGE Publications Inc
_c1998
300 _axiv,205 p.,
650 _aMen
650 _aHeterosexuality
650 _aCriminology
942 _cL
999 _c668
_d668